[Event "Roncana op-B 11th"]
[Site "Santa Eulalia de Roncana"]
[Date "2017.11.18"]
[Round "8.5"]
[White "Puigdueta Xalabarder, Antoni"]
[Black "Sola Montoya, Josep"]
[Result "0-1"]
[WhiteElo "1584"]
[BlackElo "1523"]
[PlyCount "26"]
[EventDate "2017.09.23"]
[EventType "swiss"]
[EventRounds "8"]
[EventCountry "ESP"]
[SourceTitle "EXT 2024"]
[Source "ChessBase"]
[SourceDate "2023.10.10"]
[SourceVersion "1"]
[SourceVersionDate "2023.10.10"]
[SourceQuality "1"]

1. e4 Nc6 2. Nf3 e5 3. d4 exd4 4. Bc4 Nf6 5. e5 d5 6. Bb5 Ne4 7. Nxd4 Bd7 8. Bxc6 bxc6 9. f3 Qh4+ 10. Ke2 Qf2+ 11. Kd3 Nc5+ 12. Kc3 Na4+ 13. Kd3 c5 0-1

[Event "Roncana op-B 11th"]
[Site "Santa Eulalia de Roncana"]
[Date "2017.11.11"]
[Round "7.9"]
[White "Collazo Casals, Marc"]
[Black "Puigdueta Xalabarder, Antoni"]
[Result "0-1"]
[WhiteElo "1181"]
[BlackElo "1584"]
[PlyCount "40"]
[EventDate "2017.09.23"]
[EventType "swiss"]
[EventRounds "8"]
[EventCountry "ESP"]
[SourceTitle "EXT 2024"]
[Source "ChessBase"]
[SourceDate "2023.10.10"]
[SourceVersion "1"]
[SourceVersionDate "2023.10.10"]
[SourceQuality "1"]

1. e4 e6 2. d4 d5 3. e5 c5 4. c3 Nc6 5. Nf3 Nge7 6. Be3 Nf5 7. Bd3 Nxe3 8. fxe3 Qb6 9. a3 Qxb2 10. Qc2 Qxa1 11. Bb5 c4 12. 0-0 Bd7 13. Nfd2 Bxa3 14. Bxc4 Qb2 15. Qa4 Be7 16. Bb5 a6 17. c4 0-0 18. Bxc6 Bxc6 19. Qd1 dxc4 20. Nxc4 Qxg2# 0-1

[Event "Roncana op-B 10th"]
[Site "Santa Eulalia de Roncana"]
[Date "2016.10.01"]
[Round "2"]
[White "Puigdueta Xalabarder, Antoni"]
[Black "Sola Montoya, Josep"]
[Result "1-0"]
[WhiteElo "1804"]
[BlackElo "1571"]
[PlyCount "47"]
[EventDate "2016.09.24"]
[EventType "swiss"]
[EventRounds "8"]
[EventCountry "ESP"]
[SourceTitle "EXT 2018"]
[Source "ChessBase"]
[SourceDate "2017.10.13"]
[SourceVersion "1"]
[SourceVersionDate "2017.10.13"]
[SourceQuality "1"]

1. e4 Nc6 2. Nf3 e5 3. d4 exd4 4. Bc4 Nf6 5. 0-0 Bc5 6. e5 d5 7. exd6 Qxd6 8. Re1+ Ne7 9. a3 a5 10. Qd3 0-0 11. Nbd2 Bf5 12. Qb3 a4 13. Qa2 Bxc2 14. b4 axb3 15. Nxb3 Bxb3 16. Qxb3 Nc6 17. Ng5 Nd8 18. Bb2 Ng4 19. Qh3 Nf6 20. Ne4 Nxe4 21. Rxe4 Nc6 22. Rd1 Rae8 23. Rh4 h6 24. Bc1 1-0

[Event "Roncana op-B 8th"]
[Site "Santa Eulalia de Roncana"]
[Date "2014.11.08"]
[Round "4"]
[White "Puigdueta Xalabarder, Antoni"]
[Black "Navajas Alvarez, Josep"]
[Result "1-0"]
[WhiteElo "1718"]
[BlackElo "1832"]
[PlyCount "82"]
[EventDate "2014.10.11"]
[EventType "swiss"]
[EventRounds "8"]
[EventCountry "ESP"]
[SourceTitle "EXT 2016"]
[Source "ChessBase"]
[SourceDate "2015.10.08"]
[SourceVersion "1"]
[SourceVersionDate "2015.10.08"]
[SourceQuality "1"]

1. e4 c5 2. Nf3 d6 3. d4 Nf6 4. Nc3 cxd4 5. Nxd4 g6 6. Be3 Bg7 7. Bc4 0-0 8. f3 Nc6 9. Qd2 Bd7 10. 0-0-0 a6 11. h4 b5 12. Nxc6 Bxc6 13. Bd5 Rc8 14. Bxc6 Rxc6 15. e5 b4 16. Nd5 Nxd5 17. Qxd5 Qc7 18. Qb3 Bxe5 19. h5 Rc8 20. Rd2 a5 21. hxg6 hxg6 22. Rh4 Rc4 23. Bd4 Bxd4 24. Rhxd4 Rxd4 25. Rxd4 Kg7 26. Qd3 f6 27. Rg4 g5 28. Qf5 e6 29. Qd3 d5 30. g3 e5 31. f4 e4 32. Qe2 Kg6 33. fxg5 fxg5 34. b3 e3 35. Qd3+ Kh6 36. Rd4 Qxg3 37. Qa6+ Kh5 38. Qxc8 e2 39. Qe8+ Kh6 40. Qxe2 Qg1+ 41. Qd1 Qe3+ 1-0